| 000 | 00381nam a2200109Ia 4500 | ||
|---|---|---|---|
| 008 | 171205s9999 xx 000 0 und d | ||
| 020 | _a9789715427494 | ||
| 100 | _aChua, Jonathan. | ||
| 245 |
_cJonathan Chua, Rosario Cruz-Lucero, Rolando B. Tolentino _aA Reader in Philippine Film: History and Criticism |
||
| 260 |
_bUniversity of the Philippines Press _c2014 |
||
| 300 | _a227 pages | ||
| 999 |
_c347353 _d347353 |
||